Największe miasta Słowacji - Statystyki

Ogólne statystyki
  • Ten quiz został rozwiązany 701 razy
  • Średni wynik to 6 z 10
Statystyki odpowiedzi
Ludność Miasto % Poprawnych
437 725 Bratysława
100%
239 441 Koszyce
91%
81 041 Żylina
68%
89 618 Preszów
61%
80 003 Bańska Bystrzyca
57%
52 862 Poprad
54%
65 033 Trnawa
54%
78 353 Nitra
52%
55 877 Trenczyn
48%
57 428 Martin
26%
Nie znaleziono quizów pasujących do podanych kryteriów
Rozkład punktacji
Procent ludzi z każdym wynikiem
Percentyl według liczby udzielonych odpowiedzi
Twoja historia wyników
Nie rozwiązałeś tego quizu